000 nam a22 7a 4500
999 _c26423
_d26423
008 170204b xxu||||| |||| 00| 0 eng d
020 _a 0876373287
050 _aNK7104 .C63 1965
100 _aCohen,Hal L.
245 _aOfficial guide to silver & silverplate /
_cHal L. Cohen
260 _aNew York:
_b House of Collectibles,
_c [1974]
300 _a264p. :
_bill. ;
_c18cm.
650 _a Silverwork
_x Collectors and collecting.
942 _2lcc
_cBOOKS
_hNK7104 .C63 1965